Top 5 Songs On Ignorance Is Bliss (Skepta) - Statistics

General Stats
  • This quiz has been taken 10 times
  • The average score is 4 of 5
Answer Stats
Hint Answer % Correct
40,925,524 Bullet From A Gun
100%
83,183,653 Greaze Mode
88%
19,031,130 Love Me Not
75%
21,659,998 Same Old Story
75%
43,831,397 What Do You Mean?
63%
No matching quizzes found
Score Distribution
Percent of People with Each Score
Percentile by Number Answered
Your Score History
You have not taken this quiz